00627nam a2200205 a 450000100060000000300080000600500170001400800410003103500290007203500180010104000470011904100080016608200200017424500760019426000460027030000250031649000180034149000280035960000340038719087BD-RjUL20211209000401.0140223s1968 nju b 000 1 eng d a68-23703a(BD-RjUL)19145 a(OCoLC)236531 aDLCcDLCdOCLdm.cdOCLdEQOdBD-RjULbeng aeng a821.3bSPE 196800aSpenser :ba collection of critical essays /c edited by Harry Berger,  aEnglewood Cliffs :bPrentice-Hall,cc1968 avii, 182 p. :c21 cm1 aSpectrum book0 aTwentieth century views10aSpenser, Edmund,d1552?-1599.